[Event "Bayern-ch (Women) 89th"]
[Site "Bad Kissingen"]
[Date "2018.08.30"]
[Round "6"]
[White "Braun, Kristin"]
[Black "Homfeldt, Claudia Laura"]
[Result "1-0"]
[WhiteElo "1919"]
[BlackElo "1520"]
[PlyCount "63"]
[EventDate "2018.08.26"]
[EventType "swiss"]
[EventRounds "9"]
[EventCountry "GER"]
[SourceTitle "EXT 2020"]
[Source "ChessBase"]
[SourceDate "2019.10.17"]
[SourceVersion "1"]
[SourceVersionDate "2019.10.17"]
[SourceQuality "1"]

1. e4 c5 2. Nf3 Nc6 3. d4 cxd4 4. Nxd4 g6 5. c4 Bg7 6. Be3 Nf6 7. Nc3 a6 8. Be2 e5 9. Nxc6 bxc6 10. Bc5 Qa5 11. Qd6 Ng8 12. Rd1 Qd8 13. 0-0 Qe7 14. Na4 Qxd6 15. Bxd6 Bf8 16. Bxe5 f6 17. Bg3 Kd8 18. Rd3 Bg7 19. Rfd1 Ne7 20. Nc5 Ke8 21. Nxd7 Bxd7 22. Rxd7 a5 23. b3 Kf7 24. c5 Rhe8 25. Bc4+ Kf8 26. Bc7 f5 27. exf5 gxf5 28. Bd6 Bf6 29. Re1 h6 30. Re6 Bg5 31. Rg6 Rec8 32. Rg8# 1-0

[Event "Bayern-ch (Women)"]
[Site "Bad Griesbach"]
[Date "2016.08.21"]
[Round "1"]
[White "Homfeldt, Claudia Laura"]
[Black "Ludwig, Ines"]
[Result "1-0"]
[WhiteElo "1515"]
[BlackElo "1690"]
[PlyCount "89"]
[EventDate "2016.08.21"]
[EventType "swiss"]
[EventRounds "9"]
[EventCountry "GER"]
[SourceTitle "EXT 2022"]
[Source "ChessBase"]
[SourceDate "2021.10.06"]
[SourceVersion "1"]
[SourceVersionDate "2021.10.06"]
[SourceQuality "1"]

1. e4 c5 2. Nc3 d6 3. d3 f5 4. Be3 Nc6 5. Nf3 Nf6 6. g3 e5 7. exf5 Bxf5 8. Bg2 Rb8 9. 0-0 Be7 10. Nh4 Be6 11. f4 Nd4 12. fxe5 dxe5 13. Ne4 0-0 14. Bxd4 exd4 15. Nf5 Qd7 16. Nxf6+ Rxf6 17. Nxe7+ Qxe7 18. Rxf6 Qxf6 19. Qh5 b6 20. Rf1 Qe7 21. Qe5 Rd8 22. Bh3 Re8 23. Re1 Kf7 24. Qh5+ Kg8 25. Bxe6+ Kh8 26. Re2 g6 27. Qe5+ Qg7 28. Qxg7+ Kxg7 29. Bg4 Rxe2 30. Bxe2 h5 31. c3 Kf6 32. Kf2 Ke5 33. Kf3 g5 34. h3 dxc3 35. bxc3 Kd5 36. Ke3 h4 37. gxh4 gxh4 38. Kf4 b5 39. Kg4 Ke5 40. Kxh4 Kf6 41. Kg4 a5 42. d4 cxd4 43. cxd4 b4 44. Bc4 a4 45. h4 1-0

[Event "Mittelfranken-ch QT"]
[Site "Nuremberg"]
[Date "2016.03.24"]
[Round "4"]
[White "Homfeldt, Claudia Laura"]
[Black "Chowdhury, Sandip"]
[Result "0-1"]
[WhiteElo "1549"]
[BlackElo "1593"]
[PlyCount "124"]
[EventDate "2016.03.23"]
[EventType "swiss"]
[EventRounds "7"]
[EventCountry "GER"]
[SourceTitle "EXT 2018"]
[Source "ChessBase"]
[SourceDate "2017.10.13"]
[SourceVersion "1"]
[SourceVersionDate "2017.10.13"]
[SourceQuality "1"]

1. e4 c5 2. Nc3 a6 3. d3 Nc6 4. Nf3 g6 5. Be3 d6 6. Qd2 b5 7. Be2 Bg7 8. 0-0 b4 9. Na4 Bd7 10. c3 Qa5 11. Bd1 Ne5 12. cxb4 Nxf3+ 13. gxf3 Qxb4 14. Qxb4 cxb4 15. Nb6 Rb8 16. Nxd7 Kxd7 17. Rb1 Bh6 18. f4 Nf6 19. e5 Nd5 20. Bg4+ e6 21. Bd4 Bxf4 22. exd6 Rhc8 23. Bf3 Kxd6 24. Ba7 Rb7 25. Be3 Rbc7 26. Bxd5 Bxe3 27. Bxe6 Bxf2+ 28. Rxf2 Rc1+ 29. Rxc1 Rxc1+ 30. Kg2 Kxe6 31. Rd2 Kd5 32. Kf3 g5 33. Ke3 f5 34. Rg2 h6 35. Kd2 Rc6 36. h3 Re6 37. Rf2 f4 38. h4 Ke5 39. b3 Rd6 40. hxg5 hxg5 41. Rg2 Kf5 42. Rf2 g4 43. Rf1 Rh6 44. Ke1 Rh2 45. d4 Rxa2 46. d5 Ra1+ 47. Ke2 Rxf1 48. Kxf1 Ke5 49. Ke2 Kxd5 50. Kd3 g3 51. Ke2 Kd4 52. Kf3 Kc3 53. Kg2 Kxb3 54. Kf1 Kc2 55. Kg2 b3 56. Kf3 b2 57. Kg2 b1Q 58. Kf3 Qd1+ 59. Kg2 Qe2+ 60. Kh3 g2 61. Kh4 g1Q 62. Kh3 Qeh2# 0-1

[Event "Bayern-ch (Women)"]
[Site "Rosenheim"]
[Date "2015.08.22"]
[Round "6"]
[White "Janekovic, Vera"]
[Black "Homfeldt, Claudia Laura"]
[Result "1-0"]
[WhiteElo "1618"]
[BlackElo "1442"]
[PlyCount "97"]
[EventDate "2015.08.22"]
[EventType "tourn"]
[EventRounds "9"]
[EventCountry "GER"]
[SourceTitle "EXT 2019"]
[Source "ChessBase"]
[SourceDate "2018.10.10"]
[SourceVersion "1"]
[SourceVersionDate "2018.10.10"]
[SourceQuality "1"]

1. d4 d6 2. c4 e6 3. e4 Nf6 4. Nc3 c6 5. Nf3 h6 6. Be2 a6 7. 0-0 Nbd7 8. h3 Be7 9. Be3 0-0 10. Qc2 b5 11. cxb5 axb5 12. Bd3 e5 13. d5 b4 14. dxc6 bxc3 15. cxd7 Bxd7 16. Qxc3 Be6 17. a4 Rc8 18. Qd2 Bc4 19. a5 Bxd3 20. Qxd3 Ra8 21. a6 Nh5 22. b4 Nf4 23. Bxf4 exf4 24. b5 Bf6 25. Ra2 Qb6 26. Rb1 Rfb8 27. Nd2 Bd4 28. Qe2 Re8 29. Nf3 d5 30. Nxd4 Qxd4 31. b6 Qxe4 32. Qxe4 dxe4 33. b7 e3 34. bxa8Q exf2+ 35. Kxf2 Rxa8 36. a7 Kh7 37. Rb8 Rxa7 38. Rxa7 h5 39. Rxf7 f3 40. Kxf3 h4 41. Rbb7 Kh6 42. Rxg7 Kh5 43. Rgc7 Kg6 44. Rb5 Kf6 45. Rc6+ Ke7 46. Rb7+ Kd8 47. Rh6 Kc8 48. Rg7 Kd8 49. Rh8# 1-0

[Event "Bayern-ch (Women)"]
[Site "Rosenheim"]
[Date "2015.08.22"]
[Round "2"]
[White "Mueller, Liliane"]
[Black "Homfeldt, Claudia Laura"]
[Result "0-1"]
[WhiteElo "1762"]
[BlackElo "1442"]
[PlyCount "118"]
[EventDate "2015.08.22"]
[EventType "tourn"]
[EventRounds "9"]
[EventCountry "GER"]
[SourceTitle "EXT 2019"]
[Source "ChessBase"]
[SourceDate "2018.10.10"]
[SourceVersion "1"]
[SourceVersionDate "2018.10.10"]
[SourceQuality "1"]

1. d4 d6 2. c4 Nd7 3. Nf3 Ngf6 4. Nc3 g6 5. e4 Bg7 6. Be2 h6 7. 0-0 0-0 8. h3 Kh7 9. Be3 b6 10. a3 Bb7 11. Nd2 a6 12. f4 e5 13. d5 exf4 14. Bxf4 Ne5 15. Rc1 c6 16. Bxe5 dxe5 17. Nf3 cxd5 18. cxd5 Qd6 19. Qe1 Rac8 20. Nd2 b5 21. b4 Qb6+ 22. Qf2 Qd4 23. Nb3 Qxf2+ 24. Kxf2 Rxc3 25. Nc5 Rxc1 26. Rxc1 Nxe4+ 27. Nxe4 Bxd5 28. Nc5 Rc8 29. Rd1 Bc6 30. Nxa6 f5 31. Nc5 f4 32. Bg4 Ra8 33. Rd6 Be8 34. Re6 h5 35. Bf3 Rc8 36. Be4 Bf8 37. Rxe5 Kh6 38. Re6 Bf7 39. Rb6 Rxc5 40. Rf6 Rc7 41. Rxf4 Bd6 42. Rf6 Be5 43. Ra6 Ra7 44. Rc6 Rxa3 45. Bb1 Bd4+ 46. Ke2 Rb3 47. Bd3 Rb2+ 48. Kd1 Rxb4 49. h4 Be5 50. Rb6 Rxh4 51. Rxb5 Rh1+ 52. Ke2 Bc3 53. Kf3 Rd1 54. Ke2 Rd2+ 55. Ke3 Rxg2 56. Be4 Rg3+ 57. Kf2 Be1+ 58. Kxe1 Re3+ 59. Kf2 Rxe4 0-1

[Event "Bayern-ch (Women)"]
[Site "Westerndorf St Peter"]
[Date "2013.08.26"]
[Round "3"]
[White "Homfeldt, Claudia Laura"]
[Black "Billing, Kerstin"]
[Result "0-1"]
[WhiteElo "1434"]
[BlackElo "1714"]
[PlyCount "78"]
[EventDate "2013.08.25"]
[EventType "swiss"]
[EventRounds "9"]
[EventCountry "GER"]
[SourceTitle "EXT 2019"]
[Source "ChessBase"]
[SourceDate "2018.10.10"]
[SourceVersion "1"]
[SourceVersionDate "2018.10.10"]
[SourceQuality "1"]

1. e4 e5 2. Nf3 Nc6 3. Bc4 d6 4. h3 Be6 5. Bxe6 fxe6 6. Nc3 Be7 7. d4 exd4 8. Nxd4 Qd7 9. 0-0 Ne5 10. Bf4 Ng6 11. Be3 Nf6 12. Nf3 0-0 13. a4 a6 14. Qe2 e5 15. b4 Nf4 16. Qc4+ Kh8 17. Bxf4 exf4 18. e5 d5 19. Nxd5 Nxd5 20. Rfd1 c6 21. Ra2 Qf5 22. b5 axb5 23. axb5 Rxa2 24. Qxa2 Nc3 25. Nd4 Nxa2 26. Nxf5 Rxf5 27. Rd7 Bf8 28. e6 Re5 29. Rd8 Kg8 30. bxc6 bxc6 31. Ra8 Nc3 32. Re8 Nd5 33. Rc8 Ne7 34. Ra8 Rxe6 35. Kf1 Nd5 36. c4 Nb6 37. Rd8 Rd6 38. Re8 Nxc4 39. Re2 Rd1+ 0-1

[Event "Nuremberg Zabo op 14th"]
[Site "Nuremberg"]
[Date "2012.09.15"]
[Round "2.26"]
[White "Brenner, Christian"]
[Black "Homfeldt, Claudia Laura"]
[Result "1-0"]
[WhiteElo "1968"]
[BlackElo "972"]
[PlyCount "69"]
[EventDate "2012.09.14"]
[EventType "swiss"]
[EventRounds "5"]
[EventCountry "GER"]
[SourceTitle "EXT 2022"]
[Source "ChessBase"]
[SourceDate "2021.10.06"]
[SourceVersion "1"]
[SourceVersionDate "2021.10.06"]
[SourceQuality "1"]

1. e4 d5 2. Nc3 d4 3. Nce2 d3 4. Ng3 dxc2 5. Qxc2 Nc6 6. Nf3 e5 7. Bb5 Nf6 8. Nxe5 Bd6 9. Nxc6 bxc6 10. Bxc6+ Bd7 11. Bxa8 Qxa8 12. d3 h6 13. 0-0 0-0 14. f4 Ng4 15. h3 Nf6 16. e5 Nd5 17. exd6 Nb4 18. Qxc7 Rd8 19. Bd2 Nd5 20. Qa5 Bc6 21. Nf5 Rd7 22. Rac1 a6 23. Qc5 Nb4 24. Ne7+ Rxe7 25. dxe7 Nxd3 26. Qxc6 Qa7+ 27. Kh2 Qxe7 28. Qc8+ Kh7 29. Qf5+ g6 30. Qxd3 Qf6 31. Rc8 a5 32. Bc3 Qxc3 33. Qxc3 g5 34. f5 f6 35. Qc7# 1-0

[Event "Nuremberg Zabo op 11th"]
[Site "Nuremberg"]
[Date "2009.09.19"]
[Round "3"]
[White "Umrath, Stephan"]
[Black "Homfeldt, Claudia Laura"]
[Result "1-0"]
[WhiteElo "1390"]
[BlackElo "738"]
[PlyCount "43"]
[EventDate "2009.09.18"]
[EventType "swiss"]
[EventRounds "5"]
[EventCountry "GER"]
[SourceTitle "EXT 2012"]
[Source "ChessBase"]
[SourceDate "2011.11.24"]
[SourceVersion "1"]
[SourceVersionDate "2011.11.24"]
[SourceQuality "1"]

1. e4 e6 2. d4 d5 3. Nd2 c5 4. exd5 cxd4 5. dxe6 fxe6 6. Ngf3 Nc6 7. a3 Bd6 8. Bd3 Ne5 9. Nxe5 Bxe5 10. Nf3 Bd6 11. 0-0 e5 12. Re1 b6 13. Nxe5 Bxe5 14. Rxe5+ Ne7 15. Bg5 h6 16. Bxe7 Qxe7 17. Rxe7+ Kxe7 18. Qe2+ Be6 19. Bc4 Rhc8 20. Qxe6+ Kd8 21. Qd6+ Ke8 22. Re1# 1-0